| 000 | 00777nam a22002417a 4500 | ||
|---|---|---|---|
| 005 | 20250523122724.0 | ||
| 008 | 250523b |||||||| |||| 00| 0 eng d | ||
| 020 | _a978-1-61429-722-2 (pbk) | ||
| 037 | _cTB | ||
| 040 |
_aCRL _cCRL |
||
| 041 |
_2eng _aeng |
||
| 084 |
_aQ4:412 R1 _qCRL |
||
| 100 |
_aAylward, Martin _9810415 |
||
| 245 |
_aAwake where you are: _bThe art of embodied awareness |
||
| 260 |
_aSomerville, USA: _bWisdom Publications, _c2021. |
||
| 300 | _a219p. | ||
| 365 |
_b18.95 _cUSD |
||
| 650 |
_aReligion _9810416 |
||
| 650 |
_aBuddhism _9810417 |
||
| 650 |
_aMeditation _9810418 |
||
| 942 |
_2CC _cTB _hQ4:412 R1 _n0 |
||
| 999 |
_c1430957 _d1430957 |
||